4 Movies, 1 Thing in Common V Quiz Stats

Quiz Updated Jun 9, 2016

Challenge
Share
Tweet
Embed
Score 0/16 Timer 04:00
13 Plays Today
% Correct
Baseball movies
93.5%
Lone survivors
92.4%
Three hours long
91%
Prison escapes
89.4%
Revenge Western Movies
88.4%
Amputee characters
86.2%
Set in bars
84.5%
Based on television programs
83.8%
% Correct
Bill Murray
82.4%
A main character is a trucker
81.7%
Airport scenes
80.4%
Features a Satanic character
75.9%
Supernatural movies set in cities
74.4%
Scarlett Johansson
66.8%
Communities with secrets
66.1%
Features a 'Harry Potter' baddie
65.9%

You're not logged in!

Compare scores with friends on all Sporcle quizzes.
Join for Free
OR
Log In

You Might Also Like...

Show Comments

Extras

Top Quizzes Today


Score Distribution

Your Account Isn't Verified!

In order to create a playlist on Sporcle, you need to verify the email address you used during registration. Go to your Sporcle Settings to finish the process.

Report this User

Report this user for behavior that violates our Community Guidelines.

Details: